| 000 | 00443nam a2200133Ia 4500 | ||
|---|---|---|---|
| 008 | 170516s9999 xx 000 0 und d | ||
| 245 | _aExosomes derived from platelet-rich plasma promote the re-epithelization of chronic cutaneous wounds via activation of YAP in a diabetic rat model | ||
| 260 | _bTheranostics | ||
| 260 | _c2017 | ||
| 300 | _a7:1 | ||
| 650 | _xMedical Technology | ||
| 650 | _xMedtech | ||
| 856 | _uhttp://www.thno.org/v7i1 | ||
| 999 |
_c330253 _d330253 |
||